OECD Labour Force Statistics 2018 2008-2017

Salvato in:
Dettagli Bibliografici
Natura: Libro
Lingua:inglese
Pubblicazione: Paris OECD 2018
Soggetti:
Tags: Aggiungi Tag
Nessun Tag, puoi essere il primo ad aggiungerne!!

MARC

LEADER 00000nam a2200000 4500
001 0253354
005 20221220065746.6
020 |a 978-92-64-30361-4 
041 0 |a eng 
044 |a FR 
245 1 0 |a OECD Labour Force Statistics 2018  |b 2008-2017 
264 1 |a Paris  |b OECD  |c 2018 
300 |a 160 s. 
610 2 0 |a sily pracovné 
610 2 0 |a populácia 
610 2 0 |a zamestnanosť 
610 2 0 |a sektory hospodárske 
610 2 0 |a nezamestnanosť 
610 2 0 |a údaje štatistické 
610 2 0 |a porovnanie štatistické medzinárodné 
610 2 0 |a 2018